Państwa z największą liczbą medali olimpijskich w lekkoatletyce - Statystyki

Ogólne statystyki
  • Ten quiz został rozwiązany 3 417 razy
  • Średni wynik to 14 z 20
Statystyki odpowiedzi
Z S B Łącznie Państwo % Poprawnych
358 280 223 861 Stany Zjednoczone
99%
12 13 18 43 Chiny
94%
13 28 30 71 Francja
94%
29 20 18 67 Polska
94%
18 21 19 58 Rosja
93%
56 87 77 220 Wielka Brytania
89%
19 19 33 71 Kanada
88%
24 16 28 68 Włochy
86%
22 29 32 83 Australia
78%
21 23 41 85 Szwecja
72%
27 39 27 93 Jamajka
68%
38 43 36 117 Kenia
67%
71 66 77 214 Związek Radziecki
+ Wspólna reprezentacja w 1992
61%
24 15 23 62 Etiopia
52%
36 62 62 160 Niemcy
+ RFN
47%
38 36 35 109 Niemiecka Republika Demokratyczna
45%
48 36 30 114 Finlandia
42%
10 13 18 41 Węgry
39%
11 14 20 45 Kuba
32%
11 14 10 35 Rumunia
30%
Nie znaleziono quizów pasujących do podanych kryteriów
Rozkład punktacji
Procent ludzi z każdym wynikiem
Percentyl według liczby udzielonych odpowiedzi
Twoja historia wyników
Nie rozwiązałeś tego quizu